Die Wirtschaftskurve (Record no. 5452)

MARC details
000 -CABECERA
campo de control de longitud fija 00706nam a2200217 a 4500
001 - NÚMERO DE CONTROL
campo de control BRCA_5762
005 - FECHA Y HORA DE LA ÚLTIMA TRANSACCIÓN
campo de control 20190320205215.0
008 - DATOS DE LONGITUD FIJA--INFORMACIÓN GENERAL
campo de control de longitud fija 080311s1993----gw-d######---#000-0#ger-#
041 ## - CÓDIGO DE LENGUA
Código de lengua del texto/banda sonora o título independiente ger
044 ## - CÓDIGO DEL PAÍS DE LA ENTIDAD EDITORA/PRODUCTORA
Código MARC del país gw
050 #4 - SIGNATURA TOPOGRÁFICA DE LA BIBLIOTECA DEL CONGRESO
Número de clasificación HC281
Número de documento/Ítem .W54 1993
245 10 - MENCIÓN DE TÍTULO
Título Die Wirtschaftskurve
Mención de responsabilidad, etc. unter Mitwirkung der Frankfurter Beitung ; herausgegeben von Ernst Kahn.
260 ## - PUBLICACIÓN, DISTRIBUCIÓN, ETC.
Lugar de publicación, distribución, etc. Frankfurt Alemania
Nombre del editor, distribuidor, etc. Societäts-Verlag
Fecha de publicación, distribución, etc. 1993
300 ## - DESCRIPCIÓN FÍSICA
Extensión p. 225 a 328
Otras características físicas il., gráficas
Dimensiones 22 cm.
500 ## - NOTA GENERAL
Nota general Heft III jährlich 4 Hefte Nov. 1933 12 jahrgang
500 ## - NOTA GENERAL
Nota general Revista inventariada por Banco de México como libro
500 ## - NOTA GENERAL
Nota general G3
651 #4 - PUNTO DE ACCESO ADICIONAL DE MATERIA--NOMBRE GEOGRÁFICO
Nombre geográfico Alemania
Subdivisión de forma Condiciones económicas
9 (RLIN) 14618
902 ## - CATALOGADOR
Iniciales GFM
942 ## - ELEMENTOS DE PUNTO DE ACCESO ADICIONAL (KOHA)
Fuente del sistema de clasificación o colocación Library of Congress Classification
Tipo de ítem Koha Libros
Holdings
Estado de retiro Estado de pérdida Estado dañado No para préstamo Localización permanente Ubicación/localización actual Fecha de adquisición Número de inventario Total de préstamos Signatura topográfica completa Código de barras Fecha visto por última vez Precio válido a partir de Tipo de ítem Koha
El ejemplar forma parte de la colección y puede ser consultado según las políticas vigentes.       Biblioteca del Museo Franz Mayer (Rogerio Casas-Alatriste) Biblioteca del Museo Franz Mayer (Rogerio Casas-Alatriste) 08/03/2011 G3   HC281 .W54 1993 (G3) 6201 22/03/2019 22/03/2019 Libros